00667 2200229 4500001002100000005001500021035002000036007000300056008004100059020002200100082000800122084001400130100001700144245005100161260008300212300004400295650002200339700001600361700001900377856003000396990001100426INLIS00000000000023520231109013616 a0010-1123000018ta231109 g 0 ind  a978-979-170-570-3 a636 a636 SEN b0 aUmming Sente1 aBudidaya ayam lokal :bBadan Litbang Petranian aPalangka Raya :bBalai Pengkajian Teknologi Pertanian Kalimantan Tengah,c2019 av,; 29 hlm :billus, ;c14,5 cm x 21 cm 4aAyam Lokal Unggul0 aF.F. Munier0 aMuhammad Yasir aperpustakaan bpsip sumbar a242/20